Normal view
MARC view
- Audiovisual education.
Entry Topical Term
001 - CONTROL NUMBER
- control field: 49001
003 - CONTROL NUMBER IDENTIFIER
- control field: OSt
005 - DATE AND TIME OF LATEST TRANSACTION
- control field: 20230915111143.0
008 - FIXED-LENGTH DATA ELEMENTS
- fixed length control field: 230915|| aca||aabn | a|a d
040 ## - CATALOGING SOURCE
- Original cataloging agency: OSt
- Transcribing agency: OSt
150 ## - HEADING--TOPICAL TERM
- Topical term or geographic name entry element: Audiovisual education.
670 ## - SOURCE DATA FOUND
- Source citation: Work cat.: (OSt): Leatherman, Judith L. author. 49000, Student exam performance in flipped classroom section is similar to that in active learning sections, and satisfaction with the flipped classroom hinges on attitudes toward learning from videos /, June 2020.
